Statistics for US States by Borders: 30 Second Sprint

Click here to take the quiz!

General Stats

  • This quiz has been taken 3,642 times
  • The average score is 35 of 50

Answer Stats

Bordering States US STATE % Correct
California, Colorado, Nevada, New Mexico, UtahArizona
91%
Arizona, California, Idaho, Oregon, UtahNevada
91%
Arizona, Colorado, Oklahoma, Texas, UtahNew Mexico
90%
Arkansas, Colorado, Kansas, Missouri, New Mexico, TexasOklahoma
90%
California, Idaho, Nevada, WashingtonOregon
89%
Louisiana, Mississippi, Missouri, Oklahoma, Tennessee, TexasArkansas
87%
Delaware, Maryland, New Jersey, New York, Ohio, West VirginiaPennsylvania
87%
Connecticut, Massachusetts, New Jersey, Pennsylvania, VermontNew York
85%
Arizona, Nevada, OregonCalifornia
84%
Alabama, Florida, North Carolina, South Carolina, TennesseeGeorgia
83%
Connecticut, New Hampshire, New York, Rhode Island, VermontMassachusetts
83%
Montana, Nevada, Oregon, Utah, Washington, WyomingIdaho
83%
Florida, Georgia, Mississippi, TennesseeAlabama
81%
Arizona, Kansas, Nebraska, New Mexico, Oklahoma, Utah, WyomingColorado
81%
Arkansas, Illinois, Iowa, Kansas, Kentucky, Nebraska, Oklahoma, TennesseeMissouri
81%
Alabama, Arkansas, Georgia, Kentucky, Mississippi, Missouri, North Carolina, VirginiaTennessee
80%
Arkansas, Louisiana, New Mexico, OklahomaTexas
80%
Massachusetts, New Hampshire, New YorkVermont
80%
Colorado, Idaho, Montana, Nebraska, South Dakota, UtahWyoming
80%
Massachusetts, New York, Rhode IslandConnecticut
78%
Arizona, Colorado, Idaho, Nevada, New Mexico, WyomingUtah
78%
Arkansas, Mississippi, TexasLouisiana
78%
Colorado, Iowa, Kansas, Missouri, South Dakota, WyomingNebraska
78%
Delaware, New York, PennsylvaniaNew Jersey
78%
Illinois, Indiana, Missouri, Ohio, Tennessee, Virginia, West VirginiaKentucky
76%
Alabama, GeorgiaFlorida
74%
Iowa, Minnesota, Montana, Nebraska, North Dakota, WyomingSouth Dakota
70%
Colorado, Missouri, Nebraska, OklahomaKansas
69%
Illinois, Minnesota, Missouri, Nebraska, South Dakota, WisconsinIowa
69%
Illinois, Kentucky, Michigan, OhioIndiana
66%
Indiana, Kentucky, Michigan, Pennsylvania, West VirginiaOhio
64%
Indiana, Iowa, Kentucky, Missouri, WisconsinIllinois
64%
Idaho, North Dakota, South Dakota, WyomingMontana
63%
Kentucky, Maryland, Ohio, Pennsylvania, VirginiaWest Virginia
62%
Georgia, South Carolina, Tennessee, VirginiaNorth Carolina
61%
Illinois, Iowa, Michigan, MinnesotaWisconsin
59%
Kentucky, Maryland, North Carolina, Tennessee, West VirginiaVirginia
58%
Maine, Massachusetts, VermontNew Hampshire
57%
Alabama, Arkansas, Louisiana, TennesseeMississippi
56%
Indiana, Ohio, WisconsinMichigan
54%
Idaho, OregonWashington
53%
Iowa, North Dakota, South Dakota, WisconsinMinnesota
51%
Alaska
51%
Minnesota, Montana, South DakotaNorth Dakota
50%
Hawaii
47%
New HampshireMaine
46%
Delaware, Pennsylvania, Virginia, West VirginiaMaryland
44%
Georgia, North CarolinaSouth Carolina
40%
Maryland, New Jersey, PennsylvaniaDelaware
35%
Connecticut, MassachusettsRhode Island
27%

Score Distribution

Percentile by Number Answered

Percent of People with Each Score

Your Score History

You have not taken this quiz